|
|
|
|
| LEADER |
00000nam a22000007a 4500 |
| 003 |
cru CRAI/IIS |
| 005 |
20210226093206.0 |
| 008 |
210226n ho |||p|r|||| 00| |spa|d |
| 999 |
|
|
|c 43617
|d 43617
|
| 040 |
|
|
|c cru CRAI/IIS
|
| 090 |
|
|
|a REV0109
|
| 110 |
1 |
|
|9 9837
|a Banco Central de Honduras.
|b Departamento de Estudios Económicos
|
| 245 |
1 |
|
|a Boletín Estadístico /
|c Banco Central de Honduras. Departamento de Estudios Económicos
|
| 260 |
|
|
|a Tegucigalpa, Honduras
|b El Banco,
|
| 500 |
|
|
|a EXISTENCIAS PPS (s):1978 28 (5-10) 1979-1980 29-30 (1-12) PERIODICIDAD PPS (s):Mensual
|
| 650 |
|
4 |
|9 3803
|a RESERVAS MONETARIAS
|
| 650 |
|
0 |
|9 124
|a DATOS ESTADISTICOS
|
| 650 |
|
0 |
|9 931
|a INVERSIONES
|
| 650 |
|
0 |
|9 2171
|a SISTEMAS MONETARIOS
|
| 942 |
|
|
|2 ddc
|c PP
|